000 00484nam a2200157Ia 4500
005 20241023060249.0
008 240331s9999 xx 000 0 und d
020 _a9559068008
082 _bANT
_a823
245 3 _aAn anthology of contemporary Sri lankan short stories in English
260 _aColombo
_bEnglish Association of Sri Lanka
_c1990
300 _ax, 193 p .,
500 _aAn Anthology of Contemporary Sri Lankan Poetry in English.
700 _aHalpe, A.
_eedt
942 _cL
999 _c4457
_d4457